Sociología inductiva; syllabus de métodos, análisis y clasificaciones y leyes provisionalmente formu /

Guardado en:
Autor Principal: Giddings, Franklin H.
Formato: Libro
Publicado: España : La Espana moderna, 0
Materias:
Etiquetas: Agregar Etiqueta
Sin Etiquetas, Sea el primero en etiquetar este registro!
LEADER 01259nam a22002055a 4500
001 CEM.cems002890
005 19000101000000.0
008 130507b######################000#0#####d
003 CEMS
082 0 4 |a 301 
100 1 |a Giddings, Franklin H. 
245 1 0 |a Sociología inductiva; syllabus de métodos, análisis y clasificaciones y leyes provisionalmente formu /  |c Franklin H. Giddings 
260 |a España :  |b La Espana moderna, 0 
300 |a 368 p. 
505 0 |a Organizacion social: Importancia y definicion, Conducta organizacional y total; Organizacion social y pauta cultural: Institucion y organizacion, Organizacion y cambio cultural; La estructura de los grupos sociales: Modelos, Independencia funcional, Roles y normas, Ordenamiento de la conducta; Tipos de grupos: Relaciones primarias y secundarias, Grupos y sistemas sociales mayores; Latransferencia topografica organizacional: Sociedades primitivas, Aldea rural e imperio clasico, Ciudades industriales y sociedades modernas, Corporaciones, Estructura burocratica, El problema de la comunidad. BIBLIOGRAFIA: pp. 133-135 
653 |a Sociedad 
653 |a Sociologia 
653 |a Sociologia-metodos 
653 |a Sociologia-problemas 
859 |a CEMS  |b BIB. CEMS - 11 de abril  |h 301  |i G36  |p 596.73  |t Ej.1